000 00535nam a2200169Ia 4500
003 IN-BaIIA
008 211028s9999 xx 000 0 eng d
040 _cIIA Library
080 _a083.8:524.45
_bLYN
100 _aLynga, G.
_912644
245 2 _aA computer readable catalogue of open cluster data
_cG. Lynga
260 _aFrance
_bObservatoire De Strasbourg
_c1980
300 _a[various pagings.]
650 _aOpen Clusters
_912645
650 _aStar clusters
_96686
942 _cBK
999 _c7379
_d7379